Sports Quiz

Random Sports or Numbers Quiz

MLB Retired Jerseys Quiz Stats

 Plays Quiz Updated Oct 1, 2019

Score 0/202 Timer 12:00
161 Plays Today
Team Player % Correct
Los Angeles DodgersJackie Robinson
89.9%
New York YankeesBabe Ruth
89.6%
Baltimore OriolesBrooks Robinson
87.9%
Baltimore OriolesFrank Robinson
87.8%
Cincinnati RedsFrank Robinson
87.8%
Cleveland IndiansFrank Robinson
87.6%
Seattle MarinersKen Griffey Jr.
83.6%
Arizona DiamondbacksRandy Johnson
82.9%
New York YankeesMickey Mantle
80.4%
Boston Red SoxTed Williams
80.3%
Houston AstrosNolan Ryan
80%
Los Angeles AngelsNolan Ryan
80.1%
Texas RangersNolan Ryan
80.1%
New York YankeesBernie Williams
79.5%
Chicago CubsBilly Williams
79%
New York YankeesDerek Jeter
78.8%
New York YankeesLou Gehrig
77.1%
New York YankeesReggie Jackson
77%
Oakland AthleticsReggie Jackson
77%
Colorado RockiesTodd Helton
76.3%
Kansas City RoyalsGeorge Brett
75.9%
New York YankeesJoe DiMaggio
75.1%
Atlanta BravesHenry Aaron
75%
Milwaukee BrewersHenry Aaron
75%
Seattle MarinersEdgar Martinez
74%
San Francisco GiantsWillie Mays
74%
Atlanta BravesChipper Jones
73%
New York YankeesYogi Berra
72.4%
Baltimore OriolesCal Ripken, Jr.
67.4%
New York YankeesMariano Rivera
67.3%
San Diego PadresTony Gwynn
67.2%
Pittsburgh PiratesRoberto Clemente
67.2%
Cincinnati RedsPete Rose
67%
Detroit TigersTy Cobb
65.9%
Minnesota TwinsKirby Puckett
65.9%
Boston Red SoxPedro Martinez
65.4%
San Francisco GiantsBarry Bonds
65.2%
Philadelphia PhilliesMike Schmidt
65%
Tampa Bay RaysWade Boggs
64.9%
New York MetsTom Seaver
64.3%
Chicago CubsErnie Banks
64.2%
Milwaukee BrewersRobin Yount
63.5%
St. Louis CardinalsOzzie Smith
63.5%
Cincinnati RedsJohnny Bench
62.9%
Boston Red SoxWade Boggs
62.7%
Texas RangersIvan Rodriguez
61%
Houston AstrosJeff Bagwell
60.8%
Houston AstrosCraig Biggio
60.7%
St. Louis CardinalsStan Musial
60%
New York YankeesRoger Maris
59.5%
New York YankeesBilly Martin
58.6%
Atlanta BravesJohn Smoltz
58.6%
Boston Red SoxDavid Ortiz
57%
Los Angeles DodgersSandy Koufax
57%
Atlanta BravesGreg Maddux
57%
Chicago CubsGreg Maddux
57%
Boston Red SoxCarlton Fisk
56.9%
Chicago White SoxCarlton Fisk
56.9%
St. Louis CardinalsBob Gibson
56.7%
Cincinnati RedsJoe Morgan
56.6%
San Francisco GiantsWillie McCovey
56.3%
Minnesota TwinsHarmon Killebrew
56.1%
Pittsburgh PiratesWillie Stargell
54.9%
Toronto Blue JaysRoy Halladay
54.4%
Milwaukee BrewersPaul Molitor
53.7%
New York MetsMike Piazza
52.8%
Chicago CubsRyne Sandberg
52%
New York YankeesWhitey Ford
51.3%
Team Player % Correct
Detroit TigersAl Kaline
50.2%
San Diego PadresRandy Jones
49.7%
Philadelphia PhilliesSteve Carlton
49.6%
New York YankeesJoe Torre
47.8%
Cleveland IndiansJim Thome
47.8%
Chicago White SoxNellie Fox
47.3%
Los Angeles AngelsRod Carew
47.3%
Minnesota TwinsRod Carew
47.3%
Milwaukee BrewersRollie Fingers
47.2%
Oakland AthleticsRollie Fingers
47.2%
Baltimore OriolesJim Palmer
47%
New York YankeesThurman Munson
47%
New York YankeesDon Mattingly
46.2%
Detroit TigersSparky Anderson
45.7%
Texas RangersMichael Young
45.1%
Cleveland IndiansBob Feller
44.7%
Pittsburgh PiratesHonus Wagner
44.6%
Boston Red SoxCarl Yastrzemski
44.4%
Baltimore OriolesEddie Murray
43.8%
Los Angeles DodgersDon Drysdale
43.5%
Atlanta BravesEddie Mathews
43.4%
Los Angeles DodgersPee Wee Reese
42.6%
Oakland AthleticsJim 'Catfish' Hunter
42.2%
New York YankeesJorge Posada
42.1%
Los Angeles AngelsJimmie Reese
42.1%
Oakland AthleticsDennis Eckersley
42%
Chicago CubsRon Santo
41.6%
Atlanta BravesDale Murphy
41.5%
Cincinnati RedsBarry Larkin
41.2%
Detroit TigersAlan Trammell
40.9%
San Diego PadresDave Winfield
40.2%
Oakland AthleticsRickey Henderson
39.9%
San Francisco GiantsMel Ott
39.8%
New York YankeesPhil Rizzuto
39.5%
Texas RangersAdrian Beltre
39.2%
New York MetsCasey Stengel
39.1%
New York YankeesCasey Stengel
39.1%
Cincinnati RedsTony Perez
38.9%
Los Angeles DodgersDuke Snider
38.8%
Detroit TigersJack Morris
38.7%
Atlanta BravesWarren Spahn
38.2%
Chicago CubsFerguson Jenkins
37.9%
New York YankeesAndy Pettitte
37.8%
Arizona DiamondbacksLuis Gonzalez
37.5%
Boston Red SoxJim Rice
37.5%
Minnesota TwinsJoe Mauer
37.5%
Detroit TigersHank Greenberg
37.4%
Cincinnati RedsSparky Anderson
36.8%
St. Louis CardinalsLou Brock
36.1%
Kansas City RoyalsFrank White
35.6%
Chicago White SoxFrank Thomas
35%
New York YankeesRon Guidry
34.8%
Los Angeles DodgersRoy Campanella
34.5%
Chicago White SoxPaul Konerko
34.5%
San Diego PadresSteve Garvey
34.2%
San Francisco GiantsChristy Mathewson
33.5%
Atlanta BravesPhil Niekro
33.2%
Minnesota TwinsKent Hrbek
33.2%
Atlanta BravesTom Glavine
33.1%
Cincinnati RedsDave Concepcion
32.8%
New York YankeesElston Howard
32.5%
Boston Red SoxJohnny Pesky
32.1%
Atlanta BravesBobby Cox
32.1%
New York YankeesBill Dickey
32%
Pittsburgh PiratesBill Mazeroski
30.9%
San Francisco GiantsJuan Marichal
30.7%
Philadelphia PhilliesRobin Roberts
30.5%
St. Louis CardinalsRogers Hornsby
29.9%
Team Player % Correct
New York MetsGil Hodges
29.7%
Philadelphia PhilliesRichie Ashburn
29.6%
Houston AstrosDon Wilson
29.5%
Baltimore OriolesEarl Weaver
28.8%
Los Angeles DodgersTommy Lasorda
28.3%
St. Louis CardinalsDizzy Dean
28.1%
Boston Red SoxBobby Doerr
28%
Chicago White SoxLuis Aparicio
28%
Pittsburgh PiratesRalph Kiner
27.6%
St. Louis CardinalsTony La Russa
27.6%
Los Angeles DodgersDon Sutton
27.5%
Houston AstrosMike Scott
26%
Tampa Bay RaysDon Zimmer
25.9%
Philadelphia PhilliesGrover Cleveland Alexander
25.6%
San Francisco GiantsOrlando Cepeda
25.3%
San Francisco GiantsGaylord Perry
25.2%
Chicago White SoxHarold Baines
24.6%
Toronto Blue JaysRoberto Alomar
24.4%
Minnesota TwinsTony Oliva
24%
San Francisco GiantsJohn McGraw
23.6%
St. Louis CardinalsBruce Sutter
23.5%
Pittsburgh PiratesPaul Waner
23.3%
Detroit TigersCharles Gehringer
23%
Chicago White SoxMark Buehrle
22.9%
Minnesota TwinsTom Kelly
22.3%
Cleveland IndiansLarry Doby
21.8%
St. Louis CardinalsEnos Slaughter
20.8%
Chicago White SoxLuke Appling
20.7%
Houston AstrosJimmy Wynn
20.5%
Cleveland IndiansBob Lemon
20.3%
Houston AstrosJose Cruz
20.1%
St. Louis CardinalsRed Schoendienst
19.4%
Milwaukee BrewersBud Selig
19.4%
Cleveland IndiansLou Boudreau
19.3%
San Diego PadresTrevor Hoffman
19.1%
Kansas City RoyalsDick Howser
19.1%
Philadelphia PhilliesJim Bunning
18.6%
St. Louis CardinalsAugust Busch, Jr.
18.2%
Boston Red SoxJoe Cronin
16.9%
Detroit TigersHal Newhouser
16.8%
Los Angeles DodgersWalter Alston
16.4%
Minnesota TwinsBert Blyleven
15.5%
Los Angeles AngelsGene Autry
15.4%
San Francisco GiantsCarl Hubbell
15.3%
Chicago White SoxMinnie Miñoso
15.3%
St. Louis CardinalsKen Boyer
15.1%
Texas RangersJohnny Oates
15%
Los Angeles AngelsJim Fregosi
14.7%
Philadelphia PhilliesChuck Klein
14.6%
Houston AstrosLarry Dierker
14.4%
Detroit TigersWillie Horton
14.4%
Pittsburgh PiratesPie Traynor
14.4%
San Francisco GiantsBill Terry
14.2%
Oakland AthleticsWalter A. Haas, Jr.
13%
Cleveland IndiansEarl Averill
13%
Cincinnati RedsTed Kluszewski
12.3%
St. Louis CardinalsWhitey Herzog
12.2%
Los Angeles DodgersJim Gilliam
12.2%
Chicago White SoxTed Lyons
11.6%
Pittsburgh PiratesDanny Murtaugh
10.5%
Chicago White SoxBilly Pierce
10%
Cincinnati RedsFred Hutchinson
8.9%
San Francisco GiantsMonte Irvin
7.7%
Cleveland IndiansMel Harder
7.7%
Houston AstrosJim Umbricht
7%
Pittsburgh PiratesBilly Meyer
6.7%

You're not logged in!

Compare scores with friends on all Sporcle quizzes.
OR
Log In

Sporcle TV

Today on Sporcle TV


Watch our educational content, quiz creation guides, and fun videos on Sporcle TV.

Show Comments

Extras

Top Quizzes Today


Score Distribution

Your Account Isn't Verified!

In order to create a playlist on Sporcle, you need to verify the email address you used during registration. Go to your Sporcle Settings to finish the process.

Report this User

Report this user for behavior that violates our Community Guidelines.

Details: